000 00422nam a22001577a 4500
999 _c4476
_d4476
008 200806b ||||| |||| 00| 0 eng d
020 _a0851740677
082 0 0 _a551.5024
_bB9551
100 _93571
_aBurgess, C. R.
245 1 0 _aMeteorology for seamen /
_cby C. R. Burgess
250 _a4th ed.
260 _aGlasgo:
_b Brown,Son & Ferguson,
_c1978.
300 _axi, 251 p.
650 0 _aMarine Meteorology
942 _cBK